| 000 | 00738 a2200193 4500 | ||
|---|---|---|---|
| 020 | _a0444511024 | ||
| 020 | _a9780444511027 | ||
| 082 | 0 | 4 | _a620.116 |
| 090 |
_c726 _d726 |
||
| 100 | 1 | _aKulasiri, Don. | |
| 245 | 1 | 0 |
_aStochastic dynamics. modeling solute transport in porous media / _cDon Kulasiri, Wynand Verwoerd. |
| 260 |
_a[S.l.] : _bNorth Holland, _c2002. |
||
| 300 |
_a252 p. ; _c23 cm. |
||
| 490 | 1 | _aNorth-holland series in applied mathematics and mechanics. | |
| 700 | 1 | _aKulasiri, Don. | |
| 830 | 0 | _aNorth-holland series in applied mathematics and mechanics. | |
| 942 |
_aSNS _cBK _k620.116 KUL |
||
| 999 |
_c29355 _d29355 |
||